000 01175nam a22002777a 4500
003 MN-UlNLM
005 20240116190302.0
008 231103t2202 mp ||||| |||| 00| 0 mon d
020 _a978-978-99973-1-817-6
040 _aМонгол Улсын Үндэсний номын сан
_cMN-UlNLM
_dMN-UlNLM
_erda
084 _2NNA
_a63.5я2
_bМ 692
_q63
110 _aМон судар хэвлэлийн газар
245 1 _aМонголын нүүдэлчдийн тайлбар толь
_bМонгол гэр, хувцас, мал ахуй
_cЕрөн ред. Г.Сүлд-Эрдэнэ
260 1 _aУБ
_bМон судар
_c2020
300 _a580х
_eЗур
336 _2rdacontent
_atext
_btxt
337 _2rdacontent
_aunmediated
_bn
338 _2rdacarrier
_avolume
_bnc
440 _aНүүдэлчин
_vБ. 1
546 _aMongolia
653 _aТүүх
_aМонгол улсын түүх
_aУгсаатны судлал
_aУгсаатны зүй
700 _aГ.Гантогтох
_aД.Баттогтох
_aС.Бямбадорж
_aХ.Батцэцэг
_aБ.Дунгаамаа
_aН.Эрдэнэцогт
856 _aprintbook
942 _cBK
999 _c622792
_d622849